00511nam a2200133Ia 4500008004000000020001800040082001600058100003600074245007300110250000500183260005400188300001400242650012100256210210b1997 xxu||||| |||| 00| 0 eng d a0 7817 3014 7 a616.01 WINK aWINN (Washington C) and others. aKoneman's color atlas and textbook of diagnostic microbiology. Ed.6. a aPhiladelphiabLippincott Williams & Wilkinsc1997 axxxi,1535 aDiagnostic Microbiology Immunologic Molecular Microbiology Bacteriology Bacilli Legionella Neisseria Moraxella Cocci